| 000 | 00715nam a2200241Ia 4500 | ||
|---|---|---|---|
| 003 | OSt | ||
| 005 | 20220918202425.0 | ||
| 006 | a|||||r|||| 00| 0 | ||
| 007 | ta | ||
| 008 | 220917b |||||||| |||| 00| 0 eng d | ||
| 024 | _a101,116 | ||
| 037 | _cTextual | ||
| 040 |
_aARTS _cARTS _beng |
||
| 041 |
_2eng _aeng |
||
| 082 | _aV21:5:H0, H1.1 | ||
| 100 |
_aKrishnasvmi Aiyangar S _9103668 |
||
| 245 | 0 |
_aAncient India and South India history and culture _b papers on Indian histiory and culture Ancient India to A D 1300 |
|
| 260 | _c1941 | ||
| 490 | _aPoona oriental series; 74 | ||
| 650 | _aHISTORY | ||
| 942 |
_hV21:5:H0, H1.1 _cTEXL _2CC |
||
| 999 |
_c224630 _d224630 |
||